| 000 | 00609nam a22001457a 4500 | ||
|---|---|---|---|
| 020 | _a978-0-00-729968-3 | ||
| 082 |
_a823 _bCHR/B |
||
| 100 | _aCHRISTIE, AGATHA | ||
| 245 | _aAT BERTAM'S HOTEL | ||
| 260 |
_aLONDON _bHARPER COLLINS _c2002 |
||
| 300 | _a320 | ||
| 520 | _aThis novel features one of Ms. Christie's beloved characters, Miss Jane Marple. Miss Marple is staying at a London hotel, Bertram's, as a gift from a niece. While there, Miss Marple begins noticing unusual things involving the staff and guests, especially the notorious Lady Bess Sedgwick. | ||
| 650 |
_aNOVEL _zUNITED KINGDOM |
||
| 942 | _cBK | ||
| 999 |
_c2978 _d2978 |
||